Ошибки в клинической онкологии: руководство для врачей практическое руководство
В третьем издании "Ошибки в клиической онкологии", значительно переработанном и дополненном, наряду с изложением наиболее типичных стратегических и тактических ошибок в практике врачей при активном выявлении, первичном обращении больных, диагностике и лечении злокачественных опухолей, авто...
Shranjeno v:
| Glavni avtor: | |
|---|---|
| Format: | Книга |
| Teme: | |
| Online dostop: | https://www.studentlibrary.ru/book/ISBN9785970411179.html |
| Oznake: |
Označite
Brez oznak, prvi označite!
|
| LEADER | 03510nam a2200313 4500 | ||
|---|---|---|---|
| 001 | book/ISBN9785970411179 | ||
| 005 | 20250903142001.0 | ||
| 010 | |a 978-5-9704-1117-9 | ||
| 100 | |a 20140326c2009 u y0rusy50 ca | ||
| 101 | | | |a rus | |
| 102 | |a RU | ||
| 105 | |a ||||||||000yy | ||
| 200 | 1 | |a Ошибки в клинической онкологии: руководство для врачей |e практическое руководство |f Чиссов В.И., Трахтенберг А.Х. | |
| 210 | 1 | |a Москва |c ГЭОТАР-Медиа |d 2009 | |
| 215 | |a 768 c. | ||
| 330 | |a В третьем издании "Ошибки в клиической онкологии", значительно переработанном и дополненном, наряду с изложением наиболее типичных стратегических и тактических ошибок в практике врачей при активном выявлении, первичном обращении больных, диагностике и лечении злокачественных опухолей, авторы впервые представили необходимые алгоритмы мероприятий при первичной и уточняющей диагностике, а также выбора оптимального метода лечения опухолей почти всех локализаций, то есть реальные пути предупреждения ошибок в клинической онкологии.В общей части представлены разделы, посвященные ошибкам врачей при лучевой, эндоскопической и морфологической диагностике онкологических заболеваний, в анестезиологическом обеспечении и интенсивной терапии, в медицинской и социально-трудовой реабилитации.Особое внимание уделено деонтологическим ошибкам в онкологии с учетом современных требований здравоохранения. В основу изложения частных глав положен принцип онкологического радикализма при планировании и проведении хирургического, комбинированного и комплексного лечения.Книга рассчитана на онкологов, хирургов, урологов, гинекологов, оториноларингологов, ортопедов, эндоскопистов, стоматологов-хирургов и других специалистов общей лечебной сети. | ||
| 610 | 0 | |a Онкология | |
| 610 | 0 | |a Лечебно дело | |
| 610 | 0 | |a Педиатрия | |
| 610 | 0 | |a Стоматология общей практики | |
| 610 | 0 | |a Внутренние болезни | |
| 610 | 0 | |a Онкология, лучевая терапия | |
| 610 | 0 | |a Лечебное дело | |
| 610 | 0 | |a Клиническая медицина | |
| 700 | 1 | |a Чиссов |b В.И. | |
| 701 | 1 | |a Трахтенберг |b А.Х. | |
| 801 | 0 | |a RU |b Geotar |c 20140326 |g RCR |2 rusmarc | |
| 801 | 1 | |a RU |b Geotar |c 20140326 | |
| 856 | 4 | |u https://www.studentlibrary.ru/book/ISBN9785970411179.html | |